000 01093cam a22003497a 4500
003 CHAP
005 20220817044120.0
008 060809d2006 it ab rn 00110 spa d
010 _a92518
011 _a93490
022 _a0251-1894
035 _a104064
040 _cCHAP
082 0 4 _a333
_bF31y 2005/2
110 2 _aFAO
245 1 0 _aReforma agraria :
_bcolonización y cooperativas
_c/ por
260 _aRoma :
_bFAO,
_c2006
300 _a132 p. :
_bilus. , cuadros ; mapas
500 _aTrilingüe : (español, inglés, francés)
590 _aBATCH-UPD
_b10
_c20130110
_lUCH01
_h1232
590 _aBATCH-UPD
_b10
_c20130410
_lUCH01
_h0802
590 _aBATCH-UPD
_b10
_c20130914
_lUCH01
_h1011
590 _aCONVERSION
_b10
_c20130109
_lUCH01
_h1351
650 1 4 _aColonización agrícola.
_925386
650 1 4 _aPolítica agrícola
_xAfrica.
_990284
650 1 4 _aReforma agraria.
_995517
650 1 4 _aTierras
_xTenencia.
_9113130
901 _aBK
905 _aAlejandra Carrasco M.
942 _cLIBRO
949 _a333 F31y 2005/2
_bBC
_cFAO
_d33724000992707
_eFAO1
_h107781
_i104064
_sb
999 _c92518
_d92518